| 000 | 00491nam a2200205Ia 4500 | ||
|---|---|---|---|
| 003 | OSt | ||
| 005 | 20230321101534.0 | ||
| 008 | 210210b2007 xxu||||| |||| 00| 0 eng d | ||
| 040 | _cAL | ||
| 041 | _aeng | ||
| 082 | _a658 AQUI | ||
| 100 |
_aAQUINAS (P G) _976688 |
||
| 245 | _aIntroduction to management | ||
| 260 |
_aMangalore _bSita Publishing House _c2007 |
||
| 300 | _aii,280 | ||
| 650 |
_a BBM I SEM _976689 |
||
| 690 |
_aManagement _976690 |
||
| 906 | _a062121 | ||
| 942 |
_2ddc _cBK |
||
| 999 |
_c116754 _d116754 |
||